000 00867cam a22002771 4500
001 8446593
003 OSt
005 20231031092441.0
008 720515s1963 enkab 001 0 eng
010 _a 63025217
015 _aGB63-6291
020 _a0415417651
035 _a(OCoLC)308028
040 _aDLC
_cOAU
_dOCoLC
_dUk
_dDLC
042 _apremarc
050 0 0 _aHV250.L8
_bR8
100 1 _aRuck, S. K.
_916830
245 1 0 _aLondon government and the welfare services.
260 _aLondon,
_bRoutledge & Paul
_c2007
300 _avi, 169 p.
_bmap, tables.
_c23 cm.
500 _aAt head of title: The Greater London Group.
650 0 _aPublic welfare
_zEngland
_zLondon.
_916831
710 2 _aLondon School of Economics and Political Science.
_bGreater London Group.
_916832
906 _a7
_bcbc
_coclcrpl
_du
_encip
_f19
_gy-gencatlg
942 _2ddc
_cO_SHELF
999 _c8238
_d8238